| 000 | 01103nam a2200253 a 4500 | ||
|---|---|---|---|
| 001 | 000007199 | ||
| 005 | 20250211094044.0 | ||
| 008 | 090907s2005 dr 000 0 spa d | ||
| 040 |
_aDO-SdBNP _bspa _cBNPHU |
||
| 082 |
_a352.367 _bS471re |
||
| 111 | 2 |
_aSeminario Internacional la Reforma del Estado y la Administración Pública _d(2004 : _cSanto Domingo) _919978 |
|
| 245 | 1 | 3 |
_aLa Reforma del Estado y la Administración Pública : _bdesafíos y perspectivas / _cprólogo Marcos Villamán. |
| 260 |
_aSanto Domingo : _bCONARE, _c2005. |
||
| 300 |
_a141 p. : _bil. ; _c24 cm. |
||
| 490 | 1 | _aDocumentos de la reforma | |
| 590 | _aInventariado, 2018/DG | ||
| 650 | 4 |
_aReforma del estado _zRepública Dominicana _vCONGRESOS, CONFERENCIAS, ETC. _919979 |
|
| 651 | 4 |
_aRepública Dominicana _xAdministración Pública _9657 |
|
| 650 | 4 |
_aCambio organizacional _zRepública Dominicana _919980 |
|
| 700 | 1 | 2 |
_aVillamán, Marcos _epról. _9760 |
| 710 | 1 | 2 |
_aRepública Dominicana. Consejo Nacional de Reforma del Estado _964396 |
| 830 | 0 |
_aDocumentos de la reforma _9762 |
|
| 910 | _aValidado. Control de calidad MFF | ||
| 999 |
_c6980 _d6980 |
||